00945nam a22002897a 4500001000700000003000900007005001700016007000700033008004100040016001000081020001500091040002200106082001100128100003300139245005900172260003900231300002000270490006000290650002400350650002800374830006000402942001200462945002800474952009900502956003900601999001500640389313DO-SdBNP20180315114635.0389313931220s1993 sp | |||| ||spa 7 2BPSMU a8481300128 aBPSMUbspacBPSMU 2A863.61 aCortázar, Juliod1914-198414aLas armas secretas y otros relatos /cJulio Cortázar aBarcelona : bPrimera Plana,c1993 a93 p.: c21 cm. aGrandes autores. Biblioteca de literatura universalv14 2CUENTOS ARGENTINOS. 2VIDA COTIDIANAvCUENTOS pGrandes autores. Biblioteca de literatura universalv14 2ddccBK ainventariado, 2018 / dg 00102ddc4070aBPMETbBPMETd2015-11-19eFUNDIl0pBPMSU18030062r2015-11-19w2015-11-19yBK aVMATEO2103201511196BPMSU800151 c8811d8811